|
|
|
|
| LEADER |
00000cam a2200000 7i4500 |
| 001 |
0000053217 |
| 005 |
20241025161045.0 |
| 006 |
a# ###g ### |
| 007 |
ta |
| 008 |
231030 my g eng |
| 040 |
|
|
|a MBPJ
|b eng
|c MBPJ
|e rda
|
| 090 |
0 |
0 |
|a MON 185
|
| 100 |
0 |
|
|a Abdullah bin Mohd. Salleh
|c Datuk ,
|e author
|
| 245 |
0 |
0 |
|a KAJIAN TADBIRAN PEMBANGUNAN (DEVELOPMENT ADMINISTRATION REVIEW) :
|b 1974/1975
|c Datuk Abdullah bin Mohd. Salleh, Elyas Omar, M. W. Norris [and 4 others]
|
| 264 |
|
0 |
|a [place of publication not identified] :
|b [publisher not identified]
|c [date of publication not identified]
|
| 300 |
|
|
|a 85 pages ;
|c 25 cm.
|
| 336 |
|
|
|a text
|2 rdacontent
|
| 337 |
|
|
|a unmediated
|2 rdamedia
|
| 338 |
|
|
|a volume
|2 rdacarrier
|
| 500 |
|
|
|a Bahan monograf - (30/10/2023)
|
| 500 |
|
|
|a Library has 2 copies
|
| 650 |
0 |
0 |
|a Malaysia
|x Economic policy
|x Periodicals
|
| 650 |
0 |
0 |
|a Public administration
|x Periodicals
|
| 651 |
|
0 |
|a Malaysia
|x Politics and government
|x Periodicals
|
| 700 |
0 |
|
|a A. R. Zahari ,
|e author
|
| 700 |
0 |
|
|a Elyas Omar ,
|e author
|
| 700 |
0 |
|
|a Kamal Salleh ,
|e author
|
| 700 |
1 |
|
|a Grosvenor, William ,
|e author
|
| 700 |
1 |
|
|a Norris, M. W. ,
|e author
|
| 700 |
1 |
|
|a Puthucheary, M. C. ,
|e auctor
|
| 999 |
|
|
|a 126496
|b BAHAN MONOGRAF
|c KOLEKSI BAHAN ARKIB
|e PERPUSTAKAAN KOMUNITI PETALING JAYA
|
| 999 |
|
|
|a 126502
|b BUKU
|c RUJUKAN
|e PERPUSTAKAAN KOMUNITI PETALING JAYA
|